| 000 -LEADER |
| fixed length control field |
00836nam a2200253Ia 4500 |
| 001 - CONTROL NUMBER |
| control field |
16650 |
| 003 - CONTROL NUMBER IDENTIFIER |
| control field |
GE_BSU |
| 008 - FIXED-LENGTH DATA ELEMENTS--GENERAL INFORMATION |
| fixed length control field |
181216s||||||||xx |||||||||||||| ||und|| |
| 020 ## - INTERNATIONAL STANDARD BOOK NUMBER |
| International Standard Book Number |
ISBN 9781416403777 |
| 040 ## - CATALOGING SOURCE |
| Transcribing agency |
GE_BSU |
| 100 ## - MAIN ENTRY--PERSONAL NAME |
| Personal name |
Fiedler, Craig R. with Denise Clark. |
| 245 ## - TITLE STATEMENT |
| Title |
Making a difference |
| 245 ## - TITLE STATEMENT |
| Remainder of title |
advocacy competencies for special education professionals |
| 250 ## - EDITION STATEMENT |
| Edition statement |
2nd ed. |
| 260 ## - PUBLICATION, DISTRIBUTION, ETC. |
| Place of publication, distribution, etc. |
Austin, Texas |
| 260 ## - PUBLICATION, DISTRIBUTION, ETC. |
| Name of publisher, distributor, etc. |
PRO-ED, Inc. Publisher |
| 260 ## - PUBLICATION, DISTRIBUTION, ETC. |
| Date of publication, distribution, etc. |
2009 |
| 300 ## - PHYSICAL DESCRIPTION |
| Extent |
xii, 561 p, ill, 23 cm. |
| 653 ## - INDEX TERM--UNCONTROLLED |
| Uncontrolled term |
Children with disabilities--Education--United States. Children with disabilities--Services for--United States. Special education--Law and legislation--United States. |
| 653 ## - INDEX TERM--UNCONTROLLED |
| Uncontrolled term |
განათლება |
| 653 ## - INDEX TERM--UNCONTROLLED |
| Uncontrolled term |
პედაგოგიკა |
| 942 ## - ADDED ENTRY ELEMENTS (KOHA) |
| Koha item type |
წიგნი |